Estado del Ambiente en Nicaragua 2003. Informe GEO

Bibliographic Details
Main Author: Nicaragua. Ministerio del Ambiente y los Recursos Naturales
Format: Section = Libro
Language:Undetermined
Spanish
Published: Managua MARENA 2004
Subjects:
LEADER 00609nam a2200193Ia 4500
008 240829s9999 xx 000 0 und d
040 |a BIBLIOTECA-RUSB/ Ref 333.7 N583 
041 |a spa 
082 |a Ref 333.7 N583 
100 1 |a Nicaragua. Ministerio del Ambiente y los Recursos Naturales 
245 1 0 |a Estado del Ambiente en Nicaragua 2003. Informe GEO 
260 |a Managua  |b MARENA  |c 2004 
300 |a 177 p. :il. 
650 7 |a MEDIO AMBIENTE - EDUCACION 
650 7 |b  CUENCAS HIDROGRAFICAS - EDUCACION AMBIENTAL 
650 7 |c  MEDIO AMBIENTE - RECURSOS HUMANOS 
942 |c BK  |2 ddc 
991 |a TEXTO 
999 |c 5781